000 00674cam a2200253 4500
008 090401t1992 xxu||||| |||| 00| 0 eng d
020 _a0851255256
035 _a(Sirsi) u30824
041 _aeng
050 _a690
110 _aBuilding Research Establishment
245 _aControl of lichens, moulds and similar growths.
260 _aGarston, Watford
_bBuilding Research Establishment
_c1992
300 _a4p. : ill. ; 30cm.
350 _a0
490 _aBRE Digest
_v370
520 _aReplaces Digest 139
650 _aALGAE
650 _aDAMP
650 _aMOULD
690 _aBUILT ENVIRONMENT-BUILDING PATHOLOGY
942 _n0
948 _c04/03/1997
999 _c89513
_d89513